000 01320nam a2200349 a 4500
001 33368
003 BD-RjUL
005 20211209052008.0
008 140507s19671963nyua b 001 0 eng d
035 _a63-08416
035 _a(BD-RjUL)33459
040 _aDLC
_cCCL
_dm.c
_dBD-RjUL
_beng
041 _aeng
082 _a905
_bOLD 1967
110 2 _aUniversity of Chicago.
_bCommittee for the Comparative Study of New Nations.
_9101295
245 1 0 _aOld societies and new states :
_bthe quest for modernity in Asia and Africa /
_cedited by Clifford Geertz.
260 _aNew York :
_bFree Press of Glencoe ;
_aLondon :
_bCollier-Macmillan,
_c1963 [Printing 1967].
300 _aviii, 310 p. :
_bill. ;
_c22 cm.
504 _aIncludes bibliographical footnotes and index.
650 0 _aAfrica
_9101288
650 0 _aNewly independent states
_xEducation.
_9101289
650 0 _aNewly independent states
_xPolitics and government.
_95878
651 0 _aDeveloping countries
_xEconomic conditions.
_9101290
651 0 _aDeveloping countries
_xPolitics and government.
_96865
651 0 _aAsia
_xPolitics and government.
_9101291
651 0 _aAfrica
_xPolitics and government.
_9101292
700 1 _aGeertz, Clifford.
_9101293
942 _2ddc
_cBK
999 _c33368
_d33368